Pays les plus proches de la Lituanie - Statistiques

Statistiques générales
  • Ce quiz a été pris 197 fois
  • Le résultat moyen est 18 sur 20
Statistiques - réponses
km pays % Correct
152 Estonie
99%
0 Russie
99%
0 Lettonie
98%
378 Finlande
96%
0 Pologne
96%
0 Biélorussie
95%
645 Norvège
94%
458 Allemagne
93%
620 Hongrie
93%
195 Suède
93%
221 Ukraine
93%
517 Slovaquie
91%
565 Tchequie
91%
647 Roumanie
90%
743 Autriche
89%
368 Danemark
83%
632 Moldavie
80%
940 Slovénie
76%
898 Serbie
75%
920 Pays-Bas
68%
Aucun quiz correspondant
Distribution des résultats
% des personnes avec chaque résultat
Percentile par nombre de réponses
Votre historique - résultats
Vous n’avez pas pris ce quiz